Call of Duty Multiplayer Special Camo's - Statistics

General Stats
  • This quiz has been taken 4 times
  • The average score is 35 of 242
Answer Stats
Picture Hint Answer % Correct
Black Ops III Dark Matter
75%
Black Ops 6 Diamond
75%
Modern Warfare Gold
75%
Black Ops Gold
75%
Black Ops II Gold
75%
Black Ops III Cherry Fizz
50%
Black Ops II Diamond
50%
Advanced Warfare Diamond
50%
Black Ops III Diamond
50%
Black Ops 4 Diamond
50%
Vanguard Diamond
50%
Black Ops III Emerald
50%
Black Ops III Empire
50%
Modern Warfare 3 Gold
50%
Ghosts Gold
50%
Black Ops III Gold
50%
Black Ops 4 Gold
50%
Modern Warfare Gold
50%
Vanguard Gold
50%
Modern Warfare II Gold
50%
Black Ops 6 Gold
50%
Black Ops III Into the Void
50%
Black Ops III Nuk3Town
50%
Black Ops III Sapphire
50%
Black Ops II Advanced Warfare
25%
Ghosts Advanced Warfare
25%
Infinite Warfare Alien Mixtapes
25%
Black Ops III Amethyst
25%
Black Ops III Arcane Fire
25%
Vanguard Atomic
25%
Black Ops III Atomic Fire
25%
Black Ops III Black Ops III
25%
Infinite Warfare Black Sky
25%
Black Ops III Bloody Valentine
25%
Modern Warfare III Bricked
25%
Black Ops II CE Digital
25%
WW2 - World War 2 Chrome
25%
WW2 - World War 2 Chrome Tiger
25%
Black Ops III C.O.D.E Warriors
25%
Black Ops III COD XP
25%
Modern Warfare III Constellation's End
25%
Black Ops III Cosmic
25%
Black Ops III Cyborg
25%
Modern Warfare Damascus
25%
Black Ops 4 Dark Matter
25%
Black Ops 6 Dark Matter
25%
Black Ops Cold War Dark Matter Ultra
25%
Black Ops 6 Dark Spine
25%
Vanguard Death Prospector
25%
Infinite Warfare Diamond
25%
WW2 - World War 2 Diamond
25%
Black Ops Cold War Diamond
25%
Black Ops III Dragon Fire
25%
Black Ops II Elite Member
25%
Modern Warfare Remastered Exclusion Zone
25%
Modern Warfare 2 Fall
25%
Vanguard False Prospector
25%
Ghosts Festive
25%
Modern Warfare III Forged
25%
Black Ops II Ghosts
25%
Modern Warfare III Gilded
25%
Modern Warfare III Going Bananas
25%
Advanced Warfare Gold
25%
Infinite Warfare Gold
25%
Modern Warfare Remastered Gold
25%
WW2 - World War 2 Gold
25%
Black Ops Cold War Gold
25%
WW2 - World War 2 Gold Cheetah
25%
WW2 - World War 2 Gold Leopard
25%
Warzone Gold Tiger
25%
Modern Warfare III Gridlocked
25%
Black Ops 6 Guild Override
25%
Black Ops 6 Highly Decorated
25%
Black Ops 6 Highly Decorated Blackcell
25%
Black Ops III Hive
25%
Ghosts Ice
25%
Advanced Warfare III
25%
Warzone King's Ransom
25%
Vanguard Liquid Metal
25%
Black Ops III Luck of the Irish
25%
Modern Warfare 3 Marine
25%
Modern Warfare III Molten Obsidian
25%
Making Heroes Super NEED BETTER QUALITY
25%
Modern Warfare Obsidian
25%
Modern Warfare II Orion
25%
Black Ops III Overgrowth
25%
Black Ops III Permafrost
25%
Modern Warfare Platinum
25%
Modern Warfare II Platinum
25%
Modern Warfare II Polyatomic
25%
Black Ops 6 Pumpkin Glow
25%
WW2 - World War 2 Redacted
25%
Modern Warfare III Reflect 115
25%
Advanced Warfare Royalty
25%
Vanguard Skynet
25%
Infinite Warfare Solar
25%
Ghosts Spectrum
25%
Black Ops III Take Out
25%
Modern Warfare II The Boys
25%
Black Ops III Topaz
25%
Black Ops III True Vet
25%
Black Ops III Underworld
25%
Modern Warfare II Vought International
25%
Ghosts War Cry
25%
Black Ops III Watermelon
25%
Black Ops III Weaponized 115
25%
Modern Warfare 3 Winter
25%
Black Ops 6 Zombies Reel
25%
Black Ops 6 Zombies Reel Blackcell
25%
Warzone Abyss
0%
Warzone Acerbic Roil
0%
Modern Warfare III Allegiances
0%
Warzone All Speed
0%
Infinite Warfare Arachnid
0%
Modern Warfare III Barbed And Dangerous
0%
WW2 - World War 2 Beachside
0%
WW2 - World War 2 Bengal Beige
0%
Modern Warfare III Binary Morality
0%
Modern Warfare III Blazon
0%
Modern Warfare II Blood Cell
0%
WW2 - World War 2 Blood Tiger
0%
Infinite Warfare Boardshorts
0%
Modern Warfare II Bowing Blossoms
0%
Modern Warfare III Bowl Buzzkill
0%
Modern Warfare III Brave Stripes
0%
Modern Warfare III Bubba
0%
Black Ops 6 Burnt Up
0%
Warzone Catalyst
0%
Modern Warfare III Cat-Girl Smile
0%
Modern Warfare III Chainbreaker
0%
Modern Warfare III Cheetah Print
0%
Modern Warfare III Cloud Watching
0%
Modern Warfare III Cloudy Day
0%
Modern Warfare III Coherence
0%
Warzone Crimson Wyrm
0%
Infinite Warfare Dance Party
0%
WW2 - World War 2 Dangerous Sterling
0%
Modern Warfare II Dark Bones
0%
Modern Warfare III Death To Supes
0%
Warzone Decipher
0%
Modern Warfare III Dendritic Devastation
0%
WW2 - World War 2 Devil's Candy
0%
Modern Warfare III Dragon Scales
0%
Modern Warfare III Drawn and Quartered
0%
Modern Warfare II Eddies
0%
Modern Warfare II Eddies Supreme
0%
Warzone Engine Light's On
0%
Warzone Evolution Forge
0%
Modern Warfare III Exerting Control
0%
Modern Warfare III Feelings, Unabridged
0%
Infinite Warfare Fireworks
0%
Warzone Flow Thru
0%
Modern Warfare III Frogged Out
0%
Infinite Warfare Frosted
0%
Modern Warfare III Full Shields
0%
Modern Warfare III Game Over
0%
Warzone Gamma Storm
0%
Black Ops III Garnet
0%
Infinite Warfare Geo Wave
0%
Modern Warfare II Ghouli
0%
Warzone Gilded Genetics
0%
Black Ops 6 Gilded Thorn
0%
Modern Warfare III Golden River
0%
Modern Warfare III Gold Face
0%
Black Ops 6 Gold Lightning
0%
Infinite Warfare Gore
0%
Modern Warfare III Grave Robber
0%
Modern Warfare III Halloween Spoils
0%
Infinite Warfare Haunted
0%
Warzone Hazardous Ruin
0%
Warzone Headed to Hell
0%
Modern Warfare III Heavy Metal
0%
Modern Warfare III Helical Reverb
0%
Infinite Warfare Hellcount
0%
WW2 - World War 2 Icy Veins
0%
Infinite Warfare Inferno
0%
Modern Warfare III Inner Demons
0%
Modern Warfare III Interstellar
0%
Modern Warfare III In The Crosshair
0%
Warzone Iron Ore
0%
Infinite Warfare Jackal Urban
0%
Infinite Warfare Jack-o'-Lantern
0%
Modern Warfare III JAK Of All Trades
0%
Infinite Warfare Lagoon
0%
Modern Warfare III Live, Laugh, Lava
0%
Modern Warfare III Looking At you
0%
Modern Warfare III Magma
0%
Modern Warfare III Makarov
0%
Warzone Melty
0%
Modern Warfare III Mercury
0%
WW2 - World War 2 Molten Magma
0%
Warzone Mutant Flux
0%
Modern Warfare III Nuka-Cola Quantum
0%
Warzone Nuking Hazard
0%
Modern Warfare III One Trick
0%
Modern Warfare II Polished
0%
Modern Warfare III Priceless
0%
Warzone Purified Helix
0%
Infinite Warfare Radigull
0%
Warzone Radioactivity
0%
Infinite Warfare Rainbowned
0%
Infinite Warfare Ravenous
0%
Modern Warfare Remastered Regal
0%
WW2 - World War 2 Reptilian Oak
0%
Warzone Rose Quartz
0%
Modern Warfare III Rotten Inferno
0%
Warzone Royal Helix
0%
WW2 - World War 2 Royalty Tiger
0%
Modern Warfare III Royalty Tiger
0%
Modern Warfare III RX-78-2
0%
Modern Warfare III Sand & Spice
0%
Warzone Serpentine
0%
Modern Warfare III Shifting Grid
0%
Modern Warfare II Skull Eater
0%
Modern Warfare III Soft Target
0%
Modern Warfare III Sparkle and Shine
0%
Black Ops 6 Speed Lines
0%
Black Ops 6 Speed Lines Blackcell
0%
Warzone Spilled Beans
0%
Modern Warfare II Splatter Tactics
0%
Modern Warfare III Still Beating
0%
Infinite Warfare Sunrise
0%
Modern Warfare III Sunset Armageddon
0%
Warzone Super Slick
0%
Modern Warfare III Synth-Bust
0%
Modern Warfare III Tall Order
0%
Modern Warfare III Terminus
0%
Warzone That's A Lot Of Molecules
0%
Warzone The Fallout
0%
Modern Warfare III The Hundreds
0%
Modern Warfare III TipToe
0%
Vanguard Titanium Chrome
0%
Black Ops 6 Toxic Metal
0%
Black Ops 6 Toxic Metal Blackcell
0%
Modern Warfare II Train Car
0%
Tri-Hard
0%
Warzone Veiled Strands
0%
Warzone Welcome To The Mainframe
0%
Warzone Whispering Veil
0%
Modern Warfare II Winds of Ash
0%
Modern Warfare III Wriggler
0%
Modern Warfare II You Dropped This
0%
No matching quizzes found
Score Distribution
Percent of People with Each Score
Percentile by Number Answered
Your Score History
You have not taken this quiz